Rewards and Fairies (Record no. 262027)
[ view plain ]
| 000 -LEADER | |
|---|---|
| fixed length control field | 01498cam a22002773a 4500 |
| 001 - CONTROL NUMBER | |
| control field | 32772 |
| 003 - CONTROL NUMBER IDENTIFIER | |
| control field | PGUSA |
| 005 - DATE AND TIME OF LATEST TRANSACTION | |
| control field | 20140828083717.0 |
| 008 - FIXED-LENGTH DATA ELEMENTS--GENERAL INFORMATION | |
| fixed length control field | 100611s2010||||xxu|||||s|||||000 p eng d |
| 040 ## - CATALOGING SOURCE | |
| Original cataloging agency | PGUSA |
| Language of cataloging | eng |
| 042 ## - AUTHENTICATION CODE | |
| Authentication code | dc |
| 050 #4 - LIBRARY OF CONGRESS CALL NUMBER | |
| Classification number | PR |
| 100 1# - MAIN ENTRY--PERSONAL NAME | |
| Personal name | Kipling, Rudyard, |
| Dates associated with a name | 1865-1936 |
| 245 10 - TITLE STATEMENT | |
| Title | Rewards and Fairies |
| Medium | [electronic resource] / |
| Statement of responsibility, etc | Rudyard Kipling |
| 260 ## - PUBLICATION, DISTRIBUTION, ETC. (IMPRINT) | |
| Name of publisher, distributor, etc | Project Gutenberg, |
| Date of publication, distribution, etc | 2010 |
| 505 0# - FORMATTED CONTENTS NOTE | |
| Formatted contents note | A charm -- Introduction -- Cold iron -- Cold iron -- The two cousins -- Gloriana -- The looking-glass -- The wrong thing -- A truthful song -- King Henry VII and the shipwrights -- Marklake witches -- The way through the woods -- Brookland road -- The knife and the naked chalk -- The run of the downs -- Song of the men's side -- Brother Square-Toes -- Philadelphia -- If -- 'A priest in spite of himself' -- A St. Helena lullaby -- 'Poor honest men' -- The conversion of St. Wilfrid -- Eddi's service -- Song of the red war-boat -- A doctor of medicine -- An astrologer's song -- 'Our fathers of old' -- Simple Simon -- The thousandth man -- Frankie's trade -- The tree of justice -- The ballad of Minepit Shaw -- A carol. |
| 506 ## - RESTRICTIONS ON ACCESS NOTE | |
| Terms governing access | Public domain in the USA. |
| 516 ## - TYPE OF COMPUTER FILE OR DATA NOTE | |
| Type of computer file or data note | Electronic text |
| 653 ## - INDEX TERM--UNCONTROLLED | |
| Uncontrolled term | English poetry |
| 653 ## - INDEX TERM--UNCONTROLLED | |
| Uncontrolled term | Short stories, English |
| 653 ## - INDEX TERM--UNCONTROLLED | |
| Uncontrolled term | Puck (Legendary character) -- Fiction |
| 700 1# - ADDED ENTRY--PERSONAL NAME | |
| Personal name | Craig, Frank, |
| Dates associated with a name | 1874-1918 |
| 830 #0 - SERIES ADDED ENTRY--UNIFORM TITLE | |
| Uniform title | Project Gutenberg |
| Volume number/sequential designation | 32772 |
| 856 40 - ELECTRONIC LOCATION AND ACCESS | |
| Uniform Resource Identifier | <a href="http://www.gutenberg.org/ebooks/32772">http://www.gutenberg.org/ebooks/32772</a> |
| 942 ## - ADDED ENTRY ELEMENTS (KOHA) | |
| Koha item type | eBooks |
| Withdrawn status | Lost status | Damaged status | Home library | Current library | Date acquired | Total Checkouts | Date last seen | Price effective from | Koha item type |
|---|---|---|---|---|---|---|---|---|---|
| Project Gutenberg | Project Gutenberg | 08/28/2014 | 08/28/2014 | 08/28/2014 | eBooks |